[Event "Stay Safe Play From Home 384"]
[Site "Emanuel Lasker Arena"]
[Date "2020.08.14"]
[Round "4"]
[White "Dukic"]
[Black "Buzaglo"]
[Result "1-0"]
[WhiteElo "1914"]
[BlackElo "1760"]
[PlyCount "103"]
[EventDate "2020.08.14"]
[EventType "swiss (blitz)"]

1. c4 {[%emt 0:00:05]} Nf6 {[%emt 0:00:01]} 2. Nc3 {[%emt 0:00:02]} e6 {[%emt 0:00:01]} 3. Nf3 {[%emt 0:00:01]} d5 {[%emt 0:00:01]} 4. d4 {[%emt 0:00:01]} c6 {[%emt 0:00:04]} 5. e3 {[%emt 0:00:05]} Be7 {[%emt 0:00:02]} 6. b3 {[%emt 0:00:04]} O-O {[%emt 0:00:01]} 7. Bb2 {[%emt 0:00:01]} Nbd7 {[%emt 0:00:04]} 8. Bd3 {[%emt 0:00:02]} dxc4 {[%emt 0:00:02]} 9. bxc4 {[%emt 0:00:02]} Bb4 {[%emt 0:00:04]} 10. O-O {[%emt 0:00:02]} c5 {[%emt 0:00:10]} 11. Ne2 {[%emt 0:00:29]} cxd4 {[%emt 0:00:05]} 12. exd4 {[%emt 0:00:03]} b6 {[%emt 0:00:12]} 13. Ng3 {[%emt 0:00:24]} Bb7 {[%emt 0:00:07]} 14. Qe2 {[%emt 0:00:12]} Re8 {[%emt 0:00:09]} 15. Rfd1 {[%emt 0:00:05]} Rc8 {[%emt 0:00:07]} 16. Ne5 {[%emt 0:00:03]} Bf8 {[%emt 0:00:10]} 17. Rac1 {[%emt 0:00:23]} g6 {[%emt 0:00:19]} 18. Bc2 {[%emt 0:00:18]} Bg7 {[%emt 0:00:01]} 19. Ba4 {[%emt 0:00:03]} Rf8 {[%emt 0:00:13]} 20. Ba3 {[%emt 0:00:14]} Re8 {[%emt 0:00:10]} 21. f3 {[%emt 0:00:26]} Bf8 {[%emt 0:00:02]} 22. Bb2 {[%emt 0:00:06]} Bg7 {[%emt 0:00:03]} 23. Nf1 {[%emt 0:00:26]} Rf8 {[%emt 0:00:13]} 24. Ne3 {[%emt 0:00:03]} Qc7 {[%emt 0:00:10]} 25. N3g4 {[%emt 0:00:04]} Nxe5 {[%emt 0:00:09]} 26. dxe5 {[%emt 0:00:03]} Ne4 {[%emt 0:00:04]} 27. fxe4 {[%emt 0:00:01]} h5 {[%emt 0:00:10]} 28. Nf6+ {[%emt 0:00:02]} Kh8 {[%emt 0:00:17]} 29. Qe3 {[%emt 0:00:01]} Qc5 {[%emt 0:00:16]} 30. Qxc5 {[%emt 0:00:02]} bxc5 {[%emt 0:00:02]} 31. Rd7 {[%emt 0:00:01]} Ba8 {[%emt 0:00:04]} 32. Rxa7 {[%emt 0:00:02]} Bc6 {[%emt 0:00:04]} 33. Bxc6 {[%emt 0:00:02]} Rxc6 {[%emt 0:00:00]} 34. Rd1 {[%emt 0:00:01]} Rb6 {[%emt 0:00:08]} 35. Bc3 {[%emt 0:00:01]} Bh6 {[%emt 0:00:09]} 36. Kf2 {[%emt 0:00:04]} Kg7 {[%emt 0:00:06]} 37. Kf3 {[%emt 0:00:01]} g5 {[%emt 0:00:02]} 38. h3 {[%emt 0:00:01]} Kg6 {[%emt 0:00:08]} 39. Nd7 {[%emt 0:00:02]} Rbb8 {[%emt 0:00:04]} 40. Nxf8+ {[%emt 0:00:02]} Rxf8 {[%emt 0:00:00]} 41. Rdd7 {[%emt 0:00:01]} Bg7 {[%emt 0:00:02]} 42. Ba5 {[%emt 0:00:03]} Bxe5 {[%emt 0:00:02]} 43. Bb6 {[%emt 0:00:01]} Bd4 {[%emt 0:00:01]} 44. Rdc7 {[%emt 0:00:02]} e5 {[%emt 0:00:01]} 45. Bxc5 {[%emt 0:00:02]} Bc3 {[%emt 0:00:02]} 46. Bxf8 {[%emt 0:00:02]} f6 {[%emt 0:00:00]} 47. Bd6 {[%emt 0:00:02]} g4+ {[%emt 0:00:00]} 48. hxg4 {[%emt 0:00:02]} hxg4+ {[%emt 0:00:00]} 49. Kxg4 {[%emt 0:00:01]} Bd2 {[%emt 0:00:01]} 50. Rg7+ {[%emt 0:00:01]} Kh6 {[%emt 0:00:01]} 51. Rh7+ {[%emt 0:00:01]} Kg6 {[%emt 0:00:00]} 52. Rag7# {[%emt 0:00:01] (Lag: Av=0.51s, max=1.1s) (Lag: Av=0.51s, max=1.1s) (Lag: Av=0.51s, max=1.1s)} 1-0

[Event "Stay Safe Play From Home 384"]
[Site "Emanuel Lasker Arena"]
[Date "2020.08.14"]
[Round "4"]
[White "Timbre"]
[Black "Ionelluca"]
[Result "0-1"]
[WhiteElo "1670"]
[BlackElo "2000"]
[PlyCount "70"]
[EventDate "2020.08.14"]
[EventType "swiss (blitz)"]

1. d4 {[%emt 0:00:02]} Nf6 {[%emt 0:00:01]} 2. Nf3 {[%emt 0:00:01]} b6 {[%emt 0:00:01]} 3. c3 {[%emt 0:00:01]} Bb7 {[%emt 0:00:01]} 4. Bf4 {[%emt 0:00:01]} d6 {[%emt 0:00:01]} 5. e3 {[%emt 0:00:01]} Nbd7 {[%emt 0:00:01]} 6. Be2 {[%emt 0:00:01]} g6 {[%emt 0:00:01]} 7. Nbd2 {[%emt 0:00:01]} Bg7 {[%emt 0:00:01]} 8. O-O {[%emt 0:00:01]} O-O {[%emt 0:00:01]} 9. h3 {[%emt 0:00:01]} Re8 {[%emt 0:00:01]} 10. Qc2 {[%emt 0:00:03]} e5 {[%emt 0:00:01]} 11. dxe5 {[%emt 0:00:02]} dxe5 {[%emt 0:00:01]} 12. Bg3 {[%emt 0:00:03]} Qe7 {[%emt 0:00:06]} 13. Rad1 {[%emt 0:00:02]} a6 {[%emt 0:00:04]} 14. a3 {[%emt 0:00:02]} b5 {[%emt 0:00:01]} 15. c4 {[%emt 0:00:04]} c6 {[%emt 0:00:03]} 16. cxb5 {[%emt 0:00:01]} cxb5 {[%emt 0:00:02]} 17. Qb1 {[%emt 0:00:11]} Nd5 {[%emt 0:00:07]} 18. Rc1 {[%emt 0:00:08]} N7b6 {[%emt 0:00:01]} 19. Nb3 {[%emt 0:00:06]} Rac8 {[%emt 0:00:06]} 20. Bh4 {[%emt 0:00:17]} f6 {[%emt 0:00:06]} 21. Rxc8 {[%emt 0:00:04]} Rxc8 {[%emt 0:00:02]} 22. Rc1 {[%emt 0:00:03]} Rxc1+ {[%emt 0:00:06]} 23. Qxc1 {[%emt 0:00:03]} Bc8 {[%emt 0:00:03]} 24. e4 {[%emt 0:00:21]} Nf4 {[%emt 0:00:04]} 25. Qd2 {[%emt 0:00:09]} Be6 {[%emt 0:00:05]} 26. Nc1 {[%emt 0:00:06]} Qc7 {[%emt 0:00:12]} 27. Bg3 {[%emt 0:00:05]} Qxc1+ {[%emt 0:00:02]} 28. Qxc1 {[%emt 0:00:14]} Nxe2+ {[%emt 0:00:01]} 29. Kf1 {[%emt 0:00:05]} Nxc1 {[%emt 0:00:01]} 30. Nd2 {[%emt 0:00:03]} Nd3 {[%emt 0:00:02]} 31. b4 {[%emt 0:00:04]} Nc4 {[%emt 0:00:02]} 32. Nb3 {[%emt 0:00:06]} Nxa3 {[%emt 0:00:01]} 33. Nc5 {[%emt 0:00:02]} Nxc5 {[%emt 0:00:03]} 34. bxc5 {[%emt 0:00:01]} Kf7 {[%emt 0:00:02]} 35. f4 {[%emt 0:00:02]} Ke7 {[%emt 0:00:04]} 0-1

[Event "Stay Safe Play From Home 384"]
[Site "Emanuel Lasker Arena"]
[Date "2020.08.14"]
[Round "5"]
[White "Ionelluca"]
[Black "Dukic"]
[Result "0-1"]
[WhiteElo "2005"]
[BlackElo "1924"]
[PlyCount "100"]
[EventDate "2020.08.14"]
[EventType "swiss (blitz)"]

1. e4 {[%emt 0:00:03]} c6 {[%emt 0:00:02]} 2. d4 {[%emt 0:00:02]} d6 {[%emt 0:00:01]} 3. c4 {[%emt 0:00:00]} Nd7 {[%emt 0:00:02]} 4. Nc3 {[%emt 0:00:01]} e5 {[%emt 0:00:01]} 5. Nf3 {[%emt 0:00:02]} Be7 {[%emt 0:00:01]} 6. h3 {[%emt 0:00:01]} Ngf6 {[%emt 0:00:01]} 7. Be3 {[%emt 0:00:02]} O-O {[%emt 0:00:01]} 8. Bd3 {[%emt 0:00:01]} Re8 {[%emt 0:00:01]} 9. O-O {[%emt 0:00:01]} b6 {[%emt 0:00:05]} 10. Re1 {[%emt 0:00:01]} Bb7 {[%emt 0:00:01]} 11. Bc2 {[%emt 0:00:01]} Qc7 {[%emt 0:00:01]} 12. Rc1 {[%emt 0:00:10]} Rad8 {[%emt 0:00:03]} 13. Bb1 {[%emt 0:00:03]} h6 {[%emt 0:00:01]} 14. Nh4 {[%emt 0:00:08]} Nxe4 {[%emt 0:00:17]} 15. Bxe4 {[%emt 0:00:02]} Bxh4 {[%emt 0:00:02]} 16. Qg4 {[%emt 0:00:06]} Bg5 {[%emt 0:00:29]} 17. Bxg5 {[%emt 0:00:02]} hxg5 {[%emt 0:00:01]} 18. Qxg5 {[%emt 0:00:04]} exd4 {[%emt 0:00:05]} 19. Nd1 {[%emt 0:00:35]} Nf6 {[%emt 0:00:04]} 20. Qf4 {[%emt 0:00:11]} c5 {[%emt 0:00:17]} 21. f3 {[%emt 0:00:04]} Re5 {[%emt 0:00:21]} 22. Nf2 {[%emt 0:00:03]} Rde8 {[%emt 0:00:04]} 23. Nd3 {[%emt 0:00:03]} Bxe4 {[%emt 0:00:14]} 24. Nxe5 {[%emt 0:00:11]} dxe5 {[%emt 0:00:01]} 25. Qg3 {[%emt 0:00:03]} Bg6 {[%emt 0:00:05]} 26. Kh2 {[%emt 0:00:10]} Qd6 {[%emt 0:00:05]} 27. Rcd1 {[%emt 0:00:02]} Nh5 {[%emt 0:00:07]} 28. Qf2 {[%emt 0:00:05]} e4+ {[%emt 0:00:02]} 29. g3 {[%emt 0:00:02]} f5 {[%emt 0:00:30]} 30. fxe4 {[%emt 0:00:08]} fxe4 {[%emt 0:00:04]} 31. b4 {[%emt 0:00:09]} Rf8 {[%emt 0:00:20]} 32. Qg2 {[%emt 0:00:07]} Qe5 {[%emt 0:00:06]} 33. bxc5 {[%emt 0:00:03]} bxc5 {[%emt 0:00:02]} 34. Rf1 {[%emt 0:00:01]} Rxf1 {[%emt 0:00:12]} 35. Rxf1 {[%emt 0:00:01]} e3 {[%emt 0:00:04]} 36. Qf3 {[%emt 0:00:04]} e2 {[%emt 0:00:10]} 37. Re1 {[%emt 0:00:03]} d3 {[%emt 0:00:01]} 38. Qg4 {[%emt 0:00:20]} Qxg3+ {[%emt 0:00:05]} 39. Qxg3 {[%emt 0:00:05]} Nxg3 {[%emt 0:00:01]} 40. Kxg3 {[%emt 0:00:01]} d2 {[%emt 0:00:00]} 41. Rxe2 {[%emt 0:00:00]} d1=Q {[%emt 0:00:01]} 42. Rf2 {[%emt 0:00:04]} Kh7 {[%emt 0:00:01]} 43. a3 {[%emt 0:00:02]} Qd3+ {[%emt 0:00:01]} 44. Rf3 {[%emt 0:00:01]} Qxc4 {[%emt 0:00:01]} 45. h4 {[%emt 0:00:01]} Qd5 {[%emt 0:00:02]} 46. Re3 {[%emt 0:00:02]} c4 {[%emt 0:00:01]} 47. Rf3 {[%emt 0:00:03]} Qe5+ {[%emt 0:00:01]} 48. Kf2 {[%emt 0:00:01]} c3 {[%emt 0:00:01]} 49. Re3 {[%emt 0:00:01]} Qd4 {[%emt 0:00:01]} 50. Ke2 {[%emt 0:00:01]} c2 {[%emt 0:00:01] Ionelluca resigns Ionelluca resigns Ionelluca resigns (Lag: Av=0.46s, max=1.1s) (Lag: Av=0.46s, max=1.1s) (Lag: Av=0.46s, max=1.1s)} 0-1

[Event "Stay Safe Play From Home 384"]
[Site "Emanuel Lasker Arena"]
[Date "2020.08.14"]
[Round "5"]
[White "Uttamchess"]
[Black "Hickey"]
[Result "1-0"]
[WhiteElo "1899"]
[BlackElo "2121"]
[PlyCount "55"]
[EventDate "2020.08.14"]
[EventType "swiss (blitz)"]

1. Nf3 {[%emt 0:00:02]} Nf6 {[%emt 0:00:11]} 2. g3 {[%emt 0:00:10]} b6 {[%emt 0:00:03]} 3. Bg2 {[%emt 0:00:07]} Bb7 {[%emt 0:00:00]} 4. O-O {[%emt 0:00:01]} c5 {[%emt 0:00:17]} 5. d3 {[%emt 0:00:01]} e6 {[%emt 0:00:04]} 6. Nbd2 {[%emt 0:00:00]} Be7 {[%emt 0:00:03]} 7. e4 {[%emt 0:00:02]} O-O {[%emt 0:00:00]} 8. c3 {[%emt 0:00:01]} d6 {[%emt 0:00:02]} 9. Ne1 {[%emt 0:00:02]} Qc7 {[%emt 0:00:05]} 10. f4 {[%emt 0:00:01]} Nbd7 {[%emt 0:00:02]} 11. g4 {[%emt 0:00:01]} Rfd8 {[%emt 0:00:34]} 12. g5 {[%emt 0:00:03]} Ne8 {[%emt 0:00:04]} 13. Qh5 {[%emt 0:00:05]} Nf8 {[%emt 0:00:02]} 14. Ndf3 {[%emt 0:00:08]} d5 {[%emt 0:00:05]} 15. Ne5 {[%emt 0:00:09]} Nd6 {[%emt 0:00:11]} 16. f5 {[%emt 0:00:14]} dxe4 {[%emt 0:00:21]} 17. dxe4 {[%emt 0:00:04]} exf5 {[%emt 0:00:18]} 18. exf5 {[%emt 0:00:06]} Bxg2 {[%emt 0:00:00]} 19. Nxg2 {[%emt 0:00:03]} g6 {[%emt 0:00:09]} 20. fxg6 {[%emt 0:00:03]} hxg6 {[%emt 0:00:01]} 21. Qh3 {[%emt 0:00:19]} Qc8 {[%emt 0:00:09]} 22. Ng4 {[%emt 0:00:11]} Nf5 {[%emt 0:00:22]} 23. Nh4 {[%emt 0:00:13]} Nxh4 {[%emt 0:00:36]} 24. Nh6+ {[%emt 0:00:07]} Kh8 {[%emt 0:00:04]} 25. Nxf7+ {[%emt 0:00:03]} Kg7 {[%emt 0:00:01]} 26. Qxh4 {[%emt 0:00:03]} Ne6 {[%emt 0:00:03]} 27. Qh6+ {[%emt 0:00:04]} Kg8 {[%emt 0:00:02]} 28. Qh8# {[%emt 0:00:02] (Lag: Av=0.81s, max=1.0s) (Lag: Av=0.81s, max=1.0s) (Lag: Av=0.81s, max=1.0s)} 1-0

[Event "Stay Safe Play From Home 384"]
[Site "Emanuel Lasker Arena"]
[Date "2020.08.14"]
[Round "5"]
[White "Buzaglo"]
[Black "Timbre"]
[Result "1-0"]
[WhiteElo "1751"]
[BlackElo "1665"]
[Annotator "NA"]
[PlyCount "61"]
[EventDate "2020.08.14"]
[EventType "swiss (blitz)"]

1. d4 {[%emt 0:00:02]} d5 {[%emt 0:00:07]} 2. Nf3 {[%emt 0:00:02]} c6 {[%emt 0:00:01]} 3. g3 {[%emt 0:00:02]} Nf6 {[%emt 0:00:01]} 4. Bg2 {[%emt 0:00:01]} Bf5 {[%emt 0:00:01]} 5. O-O {[%emt 0:00:01]} e6 {[%emt 0:00:01]} 6. Nbd2 {[%emt 0:00:02]} Be7 {[%emt 0:00:01]} 7. c4 {[%emt 0:00:03]} Nbd7 {[%emt 0:00:01]} 8. b3 {[%emt 0:00:03]} O-O {[%emt 0:00:03]} 9. Nh4 {[%emt 0:00:04]} Bg4 {[%emt 0:00:03]} 10. h3 {[%emt 0:00:02]} Bh5 {[%emt 0:00:01]} 11. Nhf3 {[%emt 0:00:02]} Bxf3 {[%emt 0:00:02]} 12. Nxf3 {[%emt 0:00:01]} Qc7 {[%emt 0:00:05]} 13. Bf4 {[%emt 0:00:03]} Bd6 {[%emt 0:00:03]} 14. Ne5 {[%emt 0:00:08]} Bxe5 {[%emt 0:00:05]} 15. dxe5 {[%emt 0:00:00]} Ne8 {[%emt 0:00:02]} 16. Rc1 {[%emt 0:00:07]} g6 {[%emt 0:00:05]} 17. cxd5 {[%emt 0:00:03]} exd5 {[%emt 0:00:05]} 18. Bxd5 {[%emt 0:00:02]} Nb6 {[%emt 0:00:11]} 19. e6 {[%emt 0:00:09]} Qc8 {[%emt 0:00:02]} 20. exf7+ {[%emt 0:00:02]} Rxf7 {[%emt 0:00:02]} 21. Bxf7+ {[%emt 0:00:01]} Kxf7 {[%emt 0:00:02]} 22. Kg2 {[%emt 0:00:12]} Nf6 {[%emt 0:00:03]} 23. Qd6 {[%emt 0:00:35]} Nbd5 {[%emt 0:00:08]} 24. Bg5 {[%emt 0:00:07]} Qf5 {[%emt 0:00:07]} 25. Bxf6 {[%emt 0:00:05]} Nxf6 {[%emt 0:00:06]} 26. Qc7+ {[%emt 0:00:14]} Kg8 {[%emt 0:00:04]} 27. Qxb7 {[%emt 0:00:13]} Qe4+ {[%emt 0:00:12]} 28. f3 {[%emt 0:00:18]} Qxe2+ {[%emt 0:00:06]} 29. Rf2 {[%emt 0:00:01]} Qe8 {[%emt 0:00:04]} 30. Rxc6 {[%emt 0:00:04]} Qf8 {[%emt 0:00:04]} 31. Rxf6 {[%emt 0:00:24] Timbre resigns Timbre resigns Timbre resigns (Lag: Av=0.61s, max=1.1s) (Lag: Av=0.61s, max=1.1s) (Lag: Av=0.61s, max=1.1s)} 1-0

[Event "Stay Safe Play From Home 384"]
[Site "Emanuel Lasker Arena"]
[Date "2020.08.14"]
[Round "5"]
[White "Roefe Detlef"]
[Black "Kongle"]
[Result "0-1"]
[WhiteElo "1727"]
[BlackElo "1750"]
[Annotator "NA"]
[PlyCount "116"]
[EventDate "2020.08.14"]
[EventType "swiss (blitz)"]

1. e4 {[%emt 0:00:04]} d5 {[%emt 0:00:03]} 2. exd5 {[%emt 0:00:05]} Nf6 {[%emt 0:00:02]} 3. c4 {[%emt 0:00:06]} c6 {[%emt 0:00:01]} 4. dxc6 {[%emt 0:00:03]} Nxc6 {[%emt 0:00:01]} 5. Nf3 {[%emt 0:00:01]} Bg4 {[%emt 0:00:03]} 6. Be2 {[%emt 0:00:06]} e5 {[%emt 0:00:02]} 7. h3 {[%emt 0:00:04]} Bh5 {[%emt 0:00:04]} 8. O-O {[%emt 0:00:01]} Bc5 {[%emt 0:00:04]} 9. Nc3 {[%emt 0:00:08]} O-O {[%emt 0:00:05]} 10. d3 {[%emt 0:00:06]} Re8 {[%emt 0:00:08]} 11. Ne4 {[%emt 0:00:05]} Nxe4 {[%emt 0:00:03]} 12. dxe4 {[%emt 0:00:01]} Qxd1 {[%emt 0:00:02]} 13. Rxd1 {[%emt 0:00:03]} Rad8 {[%emt 0:00:08]} 14. Bg5 {[%emt 0:00:04]} f6 {[%emt 0:00:06]} 15. Bh4 {[%emt 0:00:02]} Nb4 {[%emt 0:00:15]} 16. a3 {[%emt 0:00:12]} Nc2 {[%emt 0:00:05]} 17. Rac1 {[%emt 0:00:03]} Rxd1+ {[%emt 0:00:10]} 18. Rxd1 {[%emt 0:00:02]} Bxf3 {[%emt 0:00:04]} 19. Bxf3 {[%emt 0:00:10]} Nd4 {[%emt 0:00:01]} 20. Bg4 {[%emt 0:00:03]} Re7 {[%emt 0:00:06]} 21. Kh2 {[%emt 0:00:10]} a5 {[%emt 0:00:02]} 22. Bg3 {[%emt 0:00:13]} Rc7 {[%emt 0:00:09]} 23. f4 {[%emt 0:00:03]} exf4 {[%emt 0:00:16]} 24. Bxf4 {[%emt 0:00:02]} Rc6 {[%emt 0:00:01]} 25. e5 {[%emt 0:00:09]} f5 {[%emt 0:00:07]} 26. Bf3 {[%emt 0:00:04]} Rb6 {[%emt 0:00:01]} 27. Bd5+ {[%emt 0:00:05]} Kf8 {[%emt 0:00:04]} 28. Rd2 {[%emt 0:00:07]} Rb3 {[%emt 0:00:04]} 29. e6 {[%emt 0:00:03]} h6 {[%emt 0:00:06]} 30. Be5 {[%emt 0:00:07]} Nc6 {[%emt 0:00:13]} 31. Bc3 {[%emt 0:00:13]} Ne7 {[%emt 0:00:05]} 32. g4 {[%emt 0:00:06]} b6 {[%emt 0:00:04]} 33. gxf5 {[%emt 0:00:02]} Nxf5 {[%emt 0:00:02]} 34. Rg2 {[%emt 0:00:11]} g5 {[%emt 0:00:05]} 35. Re2 {[%emt 0:00:08]} Ke7 {[%emt 0:00:02]} 36. Re5 {[%emt 0:00:12]} Bd6 {[%emt 0:00:03]} 37. Kg1 {[%emt 0:00:03]} Bxe5 {[%emt 0:00:01]} 38. Bxe5 {[%emt 0:00:01]} Rxh3 {[%emt 0:00:02]} 39. Bc7 {[%emt 0:00:01]} Rb3 {[%emt 0:00:03]} 40. c5 {[%emt 0:00:07]} Rxb2 {[%emt 0:00:11]} 41. cxb6 {[%emt 0:00:03]} Ne3 {[%emt 0:00:02]} 42. b7 {[%emt 0:00:04]} Nxd5 {[%emt 0:00:01]} 43. b8=Q {[%emt 0:00:02]} Rxb8 {[%emt 0:00:02]} 44. Bxb8 {[%emt 0:00:00]} Kxe6 {[%emt 0:00:01]} 45. Kg2 {[%emt 0:00:01]} a4 {[%emt 0:00:03]} 46. Kg3 {[%emt 0:00:02]} h5 {[%emt 0:00:01]} 47. Ba7 {[%emt 0:00:02]} Kf5 {[%emt 0:00:02]} 48. Bd4 {[%emt 0:00:03]} h4+ {[%emt 0:00:03]} 49. Kh3 {[%emt 0:00:01]} Nf4+ {[%emt 0:00:06]} 50. Kh2 {[%emt 0:00:01]} g4 {[%emt 0:00:02]} 51. Bc5 {[%emt 0:00:02]} g3+ {[%emt 0:00:02]} 52. Kh1 {[%emt 0:00:02]} h3 {[%emt 0:00:01]} 53. Bd6 {[%emt 0:00:05]} Ke4 {[%emt 0:00:02]} 54. Bc7 {[%emt 0:00:04]} Kf3 {[%emt 0:00:04]} 55. Bd6 {[%emt 0:00:05]} Nd3 {[%emt 0:00:11]} 56. Bc7 {[%emt 0:00:09]} Nf2+ {[%emt 0:00:02]} 57. Kg1 {[%emt 0:00:01]} h2+ {[%emt 0:00:01]} 58. Kf1 {[%emt 0:00:01]} h1=Q# {[%emt 0:00:03] (Lag: Av=0.51s, max=2.7s) (Lag: Av=0.51s, max=2.7s) (Lag: Av=0.51s, max=2.7s)} 0-1

[Event "Stay Safe Play From Home 384"]
[Site "Emanuel Lasker Arena"]
[Date "2020.08.14"]
[Round "5"]
[White "Unternsepp"]
[Black "Salza1"]
[Result "0-1"]
[WhiteElo "1441"]
[BlackElo "1493"]
[Annotator "NA"]
[PlyCount "88"]
[EventDate "2020.08.14"]
[EventType "swiss (blitz)"]
[BlackTeam "SF Bad Tölz"]

{- Ullrich, Alfred (1356)} 1. e4 {[%emt 0:00:03]} c5 {[%emt 0:00:02]} 2. Nf3 {[%emt 0:00:05]} e6 {[%emt 0:00:01]} 3. Bb5 {[%emt 0:00:05]} Nc6 {[%emt 0:00:03]} 4. Bxc6 {[%emt 0:00:02]} bxc6 {[%emt 0:00:02]} 5. d4 {[%emt 0:00:04]} cxd4 {[%emt 0:00:02]} 6. Nxd4 {[%emt 0:00:02]} Bc5 {[%emt 0:00:02]} 7. O-O {[%emt 0:00:04]} Qb6 {[%emt 0:00:03]} 8. Be3 {[%emt 0:00:06]} Qxb2 {[%emt 0:00:09]} 9. Nd2 {[%emt 0:00:08]} Bxd4 {[%emt 0:00:03]} 10. Bxd4 {[%emt 0:00:05]} Qxd4 {[%emt 0:00:01]} 11. Nf3 {[%emt 0:00:10]} Qxd1 {[%emt 0:00:02]} 12. Raxd1 {[%emt 0:00:05]} Ne7 {[%emt 0:00:01]} 13. Ne5 {[%emt 0:00:08]} f6 {[%emt 0:00:04]} 14. Nc4 {[%emt 0:00:09]} Ba6 {[%emt 0:00:26]} 15. Rd4 {[%emt 0:00:18]} e5 {[%emt 0:00:12]} 16. Nd6+ {[%emt 0:00:12]} Kf8 {[%emt 0:00:04]} 17. Ra4 {[%emt 0:00:07]} Bxf1 {[%emt 0:00:07]} 18. Kxf1 {[%emt 0:00:01]} Nc8 {[%emt 0:00:09]} 19. Nb7 {[%emt 0:00:10]} Nb6 {[%emt 0:00:06]} 20. Rb4 {[%emt 0:00:13]} Ke7 {[%emt 0:00:02]} 21. c4 {[%emt 0:00:05]} Rhb8 {[%emt 0:00:04]} 22. Nc5 {[%emt 0:00:15]} a5 {[%emt 0:00:12]} 23. Rb2 {[%emt 0:00:19]} Nxc4 {[%emt 0:00:07]} 24. Rxb8 {[%emt 0:00:11]} Rxb8 {[%emt 0:00:03]} 25. Na6 {[%emt 0:00:01]} Rb2 {[%emt 0:00:03]} 26. Nc7 {[%emt 0:00:10]} Nd2+ {[%emt 0:00:04]} 27. Ke1 {[%emt 0:00:07]} Nxe4 {[%emt 0:00:01]} 28. a3 {[%emt 0:00:09]} Nxf2 {[%emt 0:00:10]} 29. g3 {[%emt 0:00:09]} Nd3+ {[%emt 0:00:03]} 30. Kd1 {[%emt 0:00:03]} Rxh2 {[%emt 0:00:02]} 31. g4 {[%emt 0:00:06]} Nc5 {[%emt 0:00:05]} 32. g5 {[%emt 0:00:08]} fxg5 {[%emt 0:00:03]} 33. Nd5+ {[%emt 0:00:02]} Ke6 {[%emt 0:00:02]} 34. Nc7+ {[%emt 0:00:03]} Kd6 {[%emt 0:00:01]} 35. Ne8+ {[%emt 0:00:01]} Ke7 {[%emt 0:00:01]} 36. Nc7 {[%emt 0:00:01]} Ne4 {[%emt 0:00:03]} 37. Na6 {[%emt 0:00:03]} g4 {[%emt 0:00:03]} 38. Nc7 {[%emt 0:00:01]} g3 {[%emt 0:00:01]} 39. Nd5+ {[%emt 0:00:01]} Ke6 {[%emt 0:00:02]} 40. Nc7+ {[%emt 0:00:01]} Kd6 {[%emt 0:00:03]} 41. Ne8+ {[%emt 0:00:01]} Ke7 {[%emt 0:00:01]} 42. Nc7 {[%emt 0:00:01]} g2 {[%emt 0:00:02]} 43. Nd5+ {[%emt 0:00:02]} Kf7 {[%emt 0:00:02]} 44. Nc7 {[%emt 0:00:01]} g1=Q# {[%emt 0:00:02] Mate Mate Mate} 0-1

[Event "Stay Safe Play From Home 384"]
[Site "Emanuel Lasker Arena"]
[Date "2020.08.14"]
[Round "6"]
[White "Uttamchess"]
[Black "Ionelluca"]
[Result "1-0"]
[WhiteElo "1926"]
[BlackElo "1984"]
[PlyCount "123"]
[EventDate "2020.08.14"]
[EventType "swiss (blitz)"]

1. Nf3 {[%emt 0:00:02]} Nf6 {[%emt 0:00:01]} 2. g3 {[%emt 0:00:00]} b6 {[%emt 0:00:01]} 3. Bg2 {[%emt 0:00:00]} Bb7 {[%emt 0:00:00]} 4. O-O {[%emt 0:00:01]} g6 {[%emt 0:00:00]} 5. d3 {[%emt 0:00:00]} Bg7 {[%emt 0:00:01]} 6. Nbd2 {[%emt 0:00:00]} d6 {[%emt 0:00:00]} 7. e4 {[%emt 0:00:00]} Nbd7 {[%emt 0:00:00]} 8. Ne1 {[%emt 0:00:04]} e5 {[%emt 0:00:01]} 9. f4 {[%emt 0:00:01]} O-O {[%emt 0:00:03]} 10. f5 {[%emt 0:00:01]} d5 {[%emt 0:00:01]} 11. Qe2 {[%emt 0:00:02]} Nc5 {[%emt 0:00:01]} 12. c3 {[%emt 0:00:15]} Rb8 {[%emt 0:00:05]} 13. a4 {[%emt 0:00:07]} Ba6 {[%emt 0:00:01]} 14. b4 {[%emt 0:00:08]} dxe4 {[%emt 0:00:06]} 15. bxc5 {[%emt 0:00:08]} exd3 {[%emt 0:00:01]} 16. Qf2 {[%emt 0:00:05]} e4 {[%emt 0:00:28]} 17. cxb6 {[%emt 0:00:24]} cxb6 {[%emt 0:00:01]} 18. Nxe4 {[%emt 0:00:54]} Nxe4 {[%emt 0:00:04]} 19. Bxe4 {[%emt 0:00:00]} Bxc3 {[%emt 0:00:01]} 20. Ra2 {[%emt 0:00:02]} Bc4 {[%emt 0:00:06]} 21. Ra3 {[%emt 0:00:19]} d2 {[%emt 0:00:04]} 22. Rxc3 {[%emt 0:00:07]} d1=Q {[%emt 0:00:02]} 23. Rxc4 {[%emt 0:00:08]} Rc8 {[%emt 0:00:06]} 24. Rxc8 {[%emt 0:00:06]} Qxc8 {[%emt 0:00:01]} 25. Bh6 {[%emt 0:00:03]} Qc5 {[%emt 0:00:15]} 26. Qxc5 {[%emt 0:00:10]} bxc5 {[%emt 0:00:04]} 27. Bxf8 {[%emt 0:00:03]} Kxf8 {[%emt 0:00:04]} 28. Bc2 {[%emt 0:00:11]} Qd4+ {[%emt 0:00:02]} 29. Kg2 {[%emt 0:00:01]} g5 {[%emt 0:00:19]} 30. f6 {[%emt 0:00:03]} Qb2 {[%emt 0:00:06]} 31. Rf2 {[%emt 0:00:06]} Qc3 {[%emt 0:00:12]} 32. Nf3 {[%emt 0:00:26]} h6 {[%emt 0:00:01]} 33. Ng1 {[%emt 0:00:04]} c4 {[%emt 0:00:09]} 34. g4 {[%emt 0:00:01]} Qd4 {[%emt 0:00:02]} 35. h3 {[%emt 0:00:01]} c3 {[%emt 0:00:03]} 36. Ne2 {[%emt 0:00:02]} Qd5+ {[%emt 0:00:03]} 37. Kh2 {[%emt 0:00:01]} Qc5 {[%emt 0:00:01]} 38. Kg2 {[%emt 0:00:00]} Qe3 {[%emt 0:00:02]} 39. Ng3 {[%emt 0:00:01]} Qb6 {[%emt 0:00:06]} 40. Kg1 {[%emt 0:00:02]} Qd6 {[%emt 0:00:08]} 41. Kg2 {[%emt 0:00:01]} Ke8 {[%emt 0:00:04]} 42. Ne4 {[%emt 0:00:00]} Qd4 {[%emt 0:00:04]} 43. Re2 {[%emt 0:00:02]} Kd8 {[%emt 0:00:01]} 44. Rf2 {[%emt 0:00:00]} Kc7 {[%emt 0:00:02]} 45. Kg3 {[%emt 0:00:00]} Kb6 {[%emt 0:00:01]} 46. Rf3 {[%emt 0:00:02]} Qe5+ {[%emt 0:00:07]} 47. Kg2 {[%emt 0:00:01]} Ka5 {[%emt 0:00:15]} 48. Rxc3 {[%emt 0:00:01]} Kb4 {[%emt 0:00:02]} 49. Rf3 {[%emt 0:00:05]} Qb2 {[%emt 0:00:08]} 50. Rb3+ {[%emt 0:00:03]} Qxb3 {[%emt 0:00:01]} 51. Bxb3 {[%emt 0:00:00]} Kxb3 {[%emt 0:00:01]} 52. Nd6 {[%emt 0:00:01]} Kxa4 {[%emt 0:00:02]} 53. Nxf7 {[%emt 0:00:00]} Kb5 {[%emt 0:00:05]} 54. Nd8 {[%emt 0:00:01]} a5 {[%emt 0:00:03]} 55. f7 {[%emt 0:00:01]} a4 {[%emt 0:00:01]} 56. f8=Q {[%emt 0:00:00]} Kc4 {[%emt 0:00:01]} 57. Qa3 {[%emt 0:00:01]} Kb5 {[%emt 0:00:01]} 58. Nf7 {[%emt 0:00:00]} Ka5 {[%emt 0:00:03]} 59. Nxh6 {[%emt 0:00:01]} Kb5 {[%emt 0:00:01]} 60. Nf7 {[%emt 0:00:00]} Ka5 {[%emt 0:00:01]} 61. Nxg5 {[%emt 0:00:00]} Kb5 {[%emt 0:00:01]} 62. Ne4 {[%emt 0:00:00] Ionelluca resigns Ionelluca resigns Ionelluca resigns (Lag: Av=0.72s, max=1.3s) (Lag: Av=0.72s, max=1.3s) (Lag: Av=0.72s, max=1.3s)} 1-0